| 000 | 00521nam a2200157 a 4500 | ||
|---|---|---|---|
| 008 | 081120s2007 ||||||||||||||||| || u | ||
| 020 | _a9780340952610 | ||
| 050 | _aPS 3561 .I483 D37 | ||
| 100 | _aKing, Stephen | ||
| 245 | 1 | 4 | _aThe dark half |
| 260 |
_aLondon _bHodder and Stoughton _c2007 |
||
| 300 | _a460p. | ||
| 350 | _a0.00 | ||
| 650 | _aENGLISH LANGUAGE | ||
| 995 |
_D65000.00 _FCBU-MAIN LIBRARY (Kitwe) _H1 _I0.00 _M1 _UAVAILABLE _WNov 26, 2008 _ZFiction Collection |
||
| 999 |
_c39381 _d39381 |
||